[Event "España ch Universitario 2010"]
[Site "Leon ESP"]
[Date "2010.05.04"]
[Round "7.3"]
[White "Recuero Guerra, David"]
[Black "Garcia Rodriguez, Victor"]
[Result "1-0"]
[WhiteElo "2470"]
[BlackElo "2204"]
[PlyCount "67"]
[EventDate "2010.05.03"]
[EventType "swiss"]
[EventRounds "9"]
[EventCountry "ESP"]
[Source "lmi"]
[SourceDate "2010.05.03"]

1. d4 d5 2. c4 c6 3. Nf3 Nf6 4. e3 a6 5. Bd3 Bg4 6. Nbd2 Nbd7 7. h3 Bxf3 8.
Nxf3 e6 9. O-O Bd6 10. Qc2 O-O 11. b3 h6 12. Bb2 Rc8 13. Rad1 Qc7 14. c5 Be7
15. b4 b6 16. Bc3 Qa7 17. cxb6 Qxb6 18. Rb1 Bd6 19. Rfc1 Rfe8 20. Qa4 Nb8 21.
Nd2 e5 22. dxe5 Bxe5 23. Qa3 Nfd7 24. Nf3 Bd6 25. Bd4 Qb7 26. Qc3 Bf8 27. Nh4
Qc7 28. Nf3 f6 29. Qb3 Ne5 30. Bxe5 fxe5 31. e4 Qf7 32. exd5 Kh8 33. Be4 Qf4
34. Qd3 1-0

[Event "España ch Universitario 2010"]
[Site "Leon ESP"]
[Date "2010.05.04"]
[Round "7.4"]
[White "Rodriguez Guerrero, Enrique"]
[Black "Escofet Martin, David"]
[Result "0-1"]
[WhiteElo "2463"]
[BlackElo "2167"]
[PlyCount "62"]
[EventDate "2010.05.03"]
[EventType "swiss"]
[EventRounds "9"]
[EventCountry "ESP"]
[Source "lmi"]
[SourceDate "2010.05.03"]

1. e4 c5 2. Nf3 d6 3. d4 cxd4 4. Nxd4 Nf6 5. Nc3 g6 6. Be3 Bg7 7. f3 O-O 8. Qd2
Nc6 9. Bc4 Nd7 10. Bb3 Nb6 11. O-O-O Na5 12. g4 Nbc4 13. Qd3 Nxe3 14. Qxe3
Nxb3+ 15. axb3 Bd7 16. h4 a5 17. Ndb5 Bxb5 18. Nxb5 Qd7 19. Qe2 Rfc8 20. Rd5 a4
21. b4 a3 22. bxa3 Qe6 23. g5 Rc6 24. Kb1 Qc8 25. f4 Rc4 26. Kc1 Qc6 27. Rhd1
e6 28. Nd4 Rxd4 29. R5xd4 Qc3 30. Qd3 Qa1+ 31. Kd2 Qxd4 0-1

[Event "España ch Universitario 2010"]
[Site "Leon ESP"]
[Date "2010.05.04"]
[Round "7.5"]
[White "Rabadan Velasco, Raul"]
[Black "Almagro Llamas, Pablo"]
[Result "0-1"]
[WhiteElo "2359"]
[BlackElo "2456"]
[PlyCount "38"]
[EventDate "2010.05.03"]
[EventType "swiss"]
[EventRounds "9"]
[EventCountry "ESP"]
[Source "lmi"]
[SourceDate "2010.05.03"]

1. e4 c6 2. d4 d5 3. f3 e6 4. Nc3 Qb6 5. Nge2 Nf6 6. a4 dxe4 7. a5 Qc7 8. fxe4
e5 9. Bg5 Nbd7 10. Ng3 exd4 11. Qxd4 h6 12. Bxf6 Nxf6 13. Nf5 Bxf5 14. exf5 Bd6
15. Qh4 O-O 16. Be2 Be5 17. Nd1 Rfe8 18. Kf1 Rad8 19. Bd3 Rd4 0-1

[Event "España ch Universitario 2010"]
[Site "Leon ESP"]
[Date "2010.05.04"]
[Round "8.2"]
[White "Pena Gomez, Manuel"]
[Black "Recuero Guerra, David"]
[Result "1-0"]
[WhiteElo "2432"]
[BlackElo "2470"]
[PlyCount "77"]
[EventDate "2010.05.03"]
[EventType "swiss"]
[EventRounds "9"]
[EventCountry "ESP"]
[Source "lmi"]
[SourceDate "2010.05.03"]

1. g3 Nf6 2. Bg2 d5 3. c4 c6 4. Nf3 dxc4 5. Qc2 b5 6. Ne5 Bb7 7. a4 Qc7 8. d4
e6 9. O-O a6 10. Nc3 Bd6 11. e4 O-O 12. Nf3 Be7 13. Bf4 Qc8 14. Rfe1 Nbd7 15.
Rad1 Re8 16. h3 b4 17. Nb1 c5 18. d5 exd5 19. exd5 Bxd5 20. Nbd2 Qb7 21. Nh4
Bxg2 22. Nxg2 c3 23. bxc3 Bf8 24. Nc4 Rxe1+ 25. Rxe1 Nd5 26. cxb4 cxb4 27. Nd6
Bxd6 28. Bxd6 N7f6 29. Nf4 Qd7 30. Nxd5 Nxd5 31. Qc5 Qb7 32. a5 b3 33. Rb1 Re8
34. Qc4 h6 35. Kh2 b2 36. Ba3 Nf6 37. Rxb2 Qf3 38. Qb3 Qc6 39. Rc2 1-0

[Event "España ch Universitario 2010"]
[Site "Leon ESP"]
[Date "2010.05.04"]
[Round "8.3"]
[White "Almagro Llamas, Pablo"]
[Black "Escofet Martin, David"]
[Result "1-0"]
[WhiteElo "2456"]
[BlackElo "2167"]
[PlyCount "72"]
[EventDate "2010.05.03"]
[EventType "swiss"]
[EventRounds "9"]
[EventCountry "ESP"]
[Source "lmi"]
[SourceDate "2010.05.03"]

1. e4 c5 2. Nf3 d6 3. d4 cxd4 4. Nxd4 Nf6 5. Nc3 g6 6. g3 Nc6 7. Bg2 Nxd4 8.
Qxd4 Bg7 9. O-O O-O 10. Qb4 Qc7 11. Bg5 Be6 12. Rac1 Bc4 13. Rfd1 a5 14. Qa4 b5
15. Nxb5 Bxb5 16. Qxb5 Rab8 17. Qa4 Rxb2 18. Bd2 Qc5 19. h3 Rc8 20. Bf1 d5 21.
exd5 Nxd5 22. Qxa5 Qxa5 23. Bxa5 e6 24. a4 Rcxc2 25. Rxc2 Rxc2 26. Be1 Be5 27.
a5 Ra2 28. Bc4 Ra3 29. Bxd5 exd5 30. Rxd5 Bc3 31. Bxc3 Rxc3 32. a6 Ra3 33. Rd6
Kg7 34. Kf1 Ra2 35. Ke1 h5 36. h4 Kf8 1-0

[Event "España ch Universitario 2010"]
[Site "Leon ESP"]
[Date "2010.05.04"]
[Round "8.4"]
[White "Vega Gutierrez, Sabrina"]
[Black "Aloma Vidal, Robert"]
[Result "0-1"]
[WhiteElo "2330"]
[BlackElo "2445"]
[PlyCount "54"]
[EventDate "2010.05.03"]
[EventType "swiss"]
[EventRounds "9"]
[EventCountry "ESP"]
[Source "lmi"]
[SourceDate "2010.05.03"]

1. e4 Nf6 2. e5 Nd5 3. c4 Nb6 4. d4 d6 5. f4 dxe5 6. fxe5 Nc6 7. Be3 Bf5 8. Be2
e6 9. Nf3 Qd7 10. a3 Be7 11. O-O O-O 12. Nc3 f6 13. Qe1 Na5 14. c5 Nbc4 15.
Bxc4 Nxc4 16. b3 Nxe3 17. Qxe3 b6 18. b4 a5 19. b5 bxc5 20. dxc5 Qd3 21. Qxd3
Bxd3 22. Rfd1 Bxc5+ 23. Kh1 Rad8 24. Ne1 Bg6 25. exf6 gxf6 26. Rxd8 Rxd8 27.
Na4 Bf8 0-1

[Event "España ch Universitario 2010"]
[Site "Leon ESP"]
[Date "2010.05.04"]
[Round "8.5"]
[White "Fernandez Barrera, Victor"]
[Black "Pallardo Lozoya, Jose Vicente"]
[Result "0-1"]
[WhiteElo "2310"]
[BlackElo "2356"]
[PlyCount "30"]
[EventDate "2010.05.03"]
[EventType "swiss"]
[EventRounds "9"]
[EventCountry "ESP"]
[Source "lmi"]
[SourceDate "2010.05.03"]

1. e4 e6 2. d4 d5 3. Nc3 Nf6 4. e5 Nfd7 5. Nf3 c5 6. dxc5 Nc6 7. Bf4 Bxc5 8.
Bd3 Be7 9. h4 a6 10. Qe2 b5 11. Ng5 h6 12. Nf3 Nc5 13. a3 b4 14. axb4 Nxb4 15.
Nd4 Qb6 0-1

[Event "España ch Universitario 2010"]
[Site "Leon ESP"]
[Date "2010.05.05"]
[Round "9.2"]
[White "Aloma Vidal, Robert"]
[Black "Pena Gomez, Manuel"]
[Result "0-1"]
[WhiteElo "2445"]
[BlackElo "2432"]
[PlyCount "77"]
[EventDate "2010.05.03"]
[EventType "swiss"]
[EventRounds "9"]
[EventCountry "ESP"]
[Source "lmi"]
[SourceDate "2010.05.03"]

1. d4 Nf6 2. c4 c5 3. d5 e6 4. Nc3 exd5 5. cxd5 d6 6. Nf3 g6 7. Bf4 Bg7 8. Nd2
Nh5 9. Bg3 O-O 10. e3 Re8 11. Nc4 Nxg3 12. hxg3 Na6 13. g4 Qd7 14. a4 Nb4 15.
g5 b6 16. Rh4 Ba6 17. Ne4 Bxc4 18. Bxc4 Qf5 19. Rf4 Qxf4 20. exf4 Rxe4+ 21. Kf1
Rxc4 22. f5 gxf5 23. Qf3 Nc2 24. Rd1 Nd4 25. Qg3 Be5 26. f4 Bg7 27. Re1 Rxa4
28. Qd3 Rb4 29. g4 Rb3 30. Qa6 Rf3+ 31. Kg2 Rxf4 32. Qb7 Rxg4+ 33. Kh3 Rf8 34.
Qd7 Be5 35. Rxe5 dxe5 36. Qe7 Nf3 37. d6 Nxg5+ 38. Kh2 Ne6 39. Qf6 0-1

[Event "España ch Universitario 2010"]
[Site "Leon ESP"]
[Date "2010.05.05"]
[Round "9.5"]
[White "Garrido Dominguez, Jesus"]
[Black "Fernandez Gil, Marco Antonio"]
[Result "1-0"]
[WhiteElo "2416"]
[BlackElo "2247"]
[PlyCount "57"]
[EventDate "2010.05.03"]
[EventType "swiss"]
[EventRounds "9"]
[EventCountry "ESP"]
[Source "lmi"]
[SourceDate "2010.05.03"]

1. e4 c5 2. Nf3 Nc6 3. d4 cxd4 4. Nxd4 e5 5. Nb5 d6 6. N1c3 a6 7. Na3 b5 8. Nd5
Nce7 9. Nxe7 Nxe7 10. c4 bxc4 11. Bxc4 Ng6 12. O-O Be7 13. Qb3 O-O 14. Bd5 Bd7
15. Bxa8 Qxa8 16. Re1 Bc6 17. f3 Kh8 18. Nc4 f5 19. Nb6 Qa7 20. Be3 f4 21. Nd5
fxe3 22. Qxe3 Qxe3+ 23. Nxe3 Rb8 24. Rac1 Be8 25. b3 Nf4 26. Nd5 Bf8 27. Rcd1
Rc8 28. g4 Ne6 29. Rc1 1-0